000 00348nam a2200133Ia 4500
005 20260326235458.0
008 260326s9999||||xx |||||||||||||| ||und||
100 _aPatetta, Luciano
245 0 _aHistoria de la Arquitectura :
_b Antología Crítica /
_cLuciano Patetta
260 _bBlume
300 _a256 p.
650 _aARQUITECTURA
942 _cBK
999 _c8001
_d8001